Datum a čas kvízu
36
Celkem bodů
Celkový počet nahraných bodů na tomto kvízu bez doplňovacích otázek.
1.
Pořadí na kvízu
Konečné umístění týmu na tomto kvízu.
Zaznamenané odpovědi
| # | Otázka | Odpověď | Body | Výsledky |
|---|---|---|---|---|
| 1. | Český marketér a komentátor Ma... | 0.5 | ||
| 2. | Ukrajinští umělci vytvořili po... | 1 | ||
| 3. | Ve čtvrtek přišel do kin celov... | 1 | ||
| 4. | Česká pošta od 1. února zvýšil... | 1 | ||
| 5. | V českém olympijském domě v Pc... | 0 | ||
| 6. | Toto téma jste si na facebooko... | 1 | ||
| 7. | Přiřaďte k sobě správně české... | 1 | ||
| 5. | Jak se jmenuje druhá největší... | 0 | ||
| 5. | Díky speciální metodě konzerva... | 0 | ||
| 5. | Jsou-li splněny všechny ostatn... | 0 |